[Event "Werner-Ott-Open Kreuzberger Sommer 2014"]
[Site "Berlin"]
[Date "2014.07.11"]
[Round "7.26"]
[White "Rüther, Marc"]
[Black "Ziese, Gerhard"]
[Result "0-1"]
[WhiteElo "1814"]
[BlackElo "1993"]
[PlyCount "84"]
[EventDate "2014.??.??"]
[WhiteTeam "Queer-Springer SSV Berlin"]
[BlackTeam "SG Turm Leipzig"]

1. e4 e5 2. Nf3 Nc6 3. Bb5 f5 4. d3 fxe4 5. dxe4 Nf6 6. O-O Bc5 7. Qd3 d6 8.
Qc4 Qe7 9. Nc3 Bd7 10. Nd5 Nxd5 11. exd5 Nd4 12. Nxd4 Bxd4 13. Bxd7+ Qxd7 14.
a4 a6 15. Be3 Bxe3 16. fxe3 O-O-O 17. Rf2 Rdf8 18. Raf1 Qe7 19. Qe4 g6 20. a5
Rxf2 21. Rxf2 Rf8 22. Rxf8+ Qxf8 23. Qh4 Qf7 24. Qe4 Qf5 25. Qxf5+ gxf5 26. Kf2
Kd7 27. Kg3 Ke7 28. Kh4 Kf6 29. b4 b5 30. Kh5 e4 31. g3 Ke5 32. Kh6 Kxd5 33.
Kxh7 c5 34. Kg6 Ke6 35. h4 d5 36. bxc5 d4 37. c6 dxe3 38. c7 Kd7 39. c8=Q+ Kxc8
40. h5 e2 41. h6 e1=Q 42. h7 Qxg3+ 0-1